<?xml version="1.0" encoding="UTF-8"?>
<record
    xmlns:xsi="http://www.w3.org/2001/XMLSchema-instance"
    xsi:schemaLocation="http://www.loc.gov/MARC21/slim http://www.loc.gov/standards/marcxml/schema/MARC21slim.xsd"
    xmlns="http://www.loc.gov/MARC21/slim">

  <leader>05111cam a2200325 i 4500</leader>
  <controlfield tag="001">9802819</controlfield>
  <controlfield tag="003">CaAEU</controlfield>
  <controlfield tag="005">20260512145735.0</controlfield>
  <controlfield tag="008">191006t20202013ne a     b    001 0 eng d</controlfield>
  <datafield tag="020" ind1=" " ind2=" ">
    <subfield code="a">9789063695408</subfield>
    <subfield code="q">(Paperback)</subfield>
  </datafield>
  <datafield tag="035" ind1=" " ind2=" ">
    <subfield code="a">on1122187965</subfield>
  </datafield>
  <datafield tag="040" ind1=" " ind2=" ">
    <subfield code="a">YDX</subfield>
    <subfield code="b">eng</subfield>
    <subfield code="e">rda</subfield>
    <subfield code="c">YDX</subfield>
    <subfield code="d">OCLCQ</subfield>
    <subfield code="d">QGY</subfield>
    <subfield code="d">NLMAA</subfield>
    <subfield code="d">OCLCQ</subfield>
    <subfield code="d">OCLCO</subfield>
    <subfield code="d">UVV</subfield>
    <subfield code="d">OCLCO</subfield>
    <subfield code="d">OCLCF</subfield>
    <subfield code="d">UAB</subfield>
    <subfield code="d">AEU</subfield>
  </datafield>
  <datafield tag="050" ind1=" " ind2="4">
    <subfield code="a">TS171</subfield>
    <subfield code="b">.D44 2020</subfield>
  </datafield>
  <datafield tag="245" ind1="0" ind2="0">
    <subfield code="a">Delft design guide </subfield>
    <subfield code="b">: perspectives, models, approaches, methods </subfield>
    <subfield code="c">/ Delft University of Technology, Faculty of Industrial Design Engineering ; editors, Annemiek van Boeijen, Jaap Daalhuizen, Jelle Zijlstra.</subfield>
  </datafield>
  <datafield tag="250" ind1=" " ind2=" ">
    <subfield code="a">Revised edition.</subfield>
  </datafield>
  <datafield tag="264" ind1=" " ind2="1">
    <subfield code="a">Amsterdam, The Netherlands :</subfield>
    <subfield code="b">BIS Publishers,</subfield>
    <subfield code="c">2020.</subfield>
  </datafield>
  <datafield tag="264" ind1=" " ind2="4">
    <subfield code="c">&#xA9;2013</subfield>
  </datafield>
  <datafield tag="300" ind1=" " ind2=" ">
    <subfield code="a">223 pages :</subfield>
    <subfield code="b">illustrations (some color) ;</subfield>
    <subfield code="c">26 cm</subfield>
  </datafield>
  <datafield tag="500" ind1=" " ind2=" ">
    <subfield code="a">First edition: &#xA9;2013.</subfield>
  </datafield>
  <datafield tag="504" ind1=" " ind2=" ">
    <subfield code="a">Includes bibliographical references and index.</subfield>
  </datafield>
  <datafield tag="505" ind1=" " ind2=" ">
    <subfield code="a">PERSPECTIVES
&#x2014; Design for Health &amp; Wellbeing  
&#x2014; Design for Sustainability  
&#x2014; Design for Behavioural Change  
&#x2014; Design for Emotion  
&#x2014; Design for the Majority  
&#x2014; Culture-Sensitive Design  
&#x2014; Speculative Design  
&#x2014; More-Than-Human Design  
&#x2014; Skilful Co-design  
&#x2014; Visualising Interactions  
&#x2014; Design Drawing as a Language  

&#x2014; MODELS
&#x2014; Reasoning in Design  
&#x2014; Basic Design Cycle  
&#x2014; Product Innovation Process  
&#x2014; Agile Design &amp; Development  
&#x2014; Integrated Creative Problem Solving  
&#x2014; Needs and Aspirations for Design &amp; Innovation  



&#x2014; APPROACHES
&#x2014; User-Centred Design  
&#x2014; Social Implication Design  
&#x2014; Co-design &amp; Co-creation  
&#x2014; Anthropometric Design  
&#x2014; Vision in (Product) Design  
&#x2014; Context Variation by Design  
&#x2014; Service Design  
&#x2014; Persuasive Game Design  
&#x2014; Lean Start-up  
&#x2014; Material Driven Design  
&#x2014; Data-Centric Design  
&#x2014; Design Roadmapping  


&#x2014; METHODS: DISCOVER
&#x2014; Contextmapping  
&#x2014; Thing Ethnography  
&#x2014; Cultural Probes  
&#x2014; User Observations  
&#x2014; Interviews  
&#x2014; Questionnaires  
&#x2014; Focus Groups  
&#x2014; Ecodesign Strategy Wheel  
&#x2014; Ecodesign Checklist  
&#x2014; Fast Track Life Cycle Analysis  
&#x2014; SWOT &amp; Search Areas  
&#x2014; Trend Foresight  
&#x2014; Brand DNA  
&#x2014; WWWWWH  
&#x2014; Design Drawing to Discover  

METHODS: DEFINE
&#x2014; Persona  
&#x2014; Cultura  
&#x2014; Problem Definition  
&#x2014; Function Analysis  
&#x2014; Product Life Cycle  
&#x2014; List of Requirements  
&#x2014; Mind Mapping  
&#x2014; Journey Mapping  
&#x2014; Product Journey Mapping  
&#x2014; Project Value Modelling  
&#x2014; Business Modelling  
&#x2014; Sustainable Business Modelling  
&#x2014; Future Visioning  
&#x2014; Ansoff Growth Matrix  
&#x2014; Segmentation-Targeting-Positioning  
&#x2014; VRIO Analysis  
&#x2014; Porter&#x2019;s Five Forces  
&#x2014; Perceptual Map  
&#x2014; Collage  
&#x2014; Storyboarding  
&#x2014; Written Scenario  
&#x2014; Design Drawing to Define  

&#x2014; METHODS: DEVELOP &amp; DELIVER 
&#x2014; Analogies &amp; Metaphors  
&#x2014; Biomimicry  
&#x2014; Synectics  
&#x2014; Brainstorming &amp; Brainwriting  
&#x2014; Braindrawing  
&#x2014; Morphological Chart  
&#x2014; SCAMPER  
&#x2014; How-Tos  
&#x2014; Harris Profile  
&#x2014; EVR Decision Matrix  
&#x2014; C-Box  
&#x2014; vALUe, IR &amp; PMI  
&#x2014; Datum Method  
&#x2014; Weighted Objectives  
&#x2014; Storytelling  
&#x2014; Usage Analytics  
&#x2014; Comfort Evaluation  
&#x2014; PrEmo &amp; Photo-Elicitation  
&#x2014; Role-Playing  
&#x2014; Product Usability Evaluation  
&#x2014; Product Concept Evaluation  
&#x2014; Cost Price Estimation  
&#x2014; Prototype Reflection Cards  
&#x2014; Cinematic Prototyping  
&#x2014; Design Drawing to Develop  
&#x2014; Experience Prototyping  
&#x2014; Wizard of Oz  
&#x2014; Design Drawing to Deliver  
&#x2014; 3D Physical Models  
&#x2014; Technical Documentation.  

</subfield>
  </datafield>
  <datafield tag="520" ind1=" " ind2=" ">
    <subfield code="a">Delft Design Guide provides an overview of the perspectives, models, approaches, and methods used in the bachelor's and master's curriculum of Industrial Design Engineering at Delft University of Technology (TU Delft). Some of these are unique to the university, others are well known and are used by designers worldwide. Designing products and services at this faculty is considered a systematic and structured activity, deliberately and purposefully, and with moments of increased creativity.
The methods and techniques are each described in a practical one-page text, illustrated for further clarification and enriched with images that should encourage reflection and further reading.

Design students can use the book as a reference guide in their design projects and in managing their personal development. Design teachers can use the book as a reference guide to assist students in learning a method. Design professionals can use the book as a reference guide to support their design processes.</subfield>
  </datafield>
  <datafield tag="650" ind1=" " ind2="0">
    <subfield code="a">Industrial design</subfield>
    <subfield code="9">8293</subfield>
  </datafield>
  <datafield tag="700" ind1=" " ind2=" ">
    <subfield code="a">Boeijen, Annemiek van,</subfield>
    <subfield code="e">editor.</subfield>
    <subfield code="4">edt</subfield>
    <subfield code="9">24874</subfield>
  </datafield>
  <datafield tag="700" ind1=" " ind2=" ">
    <subfield code="a">Daalhuizen, Jaap,</subfield>
    <subfield code="e">editor.</subfield>
    <subfield code="4">edt</subfield>
    <subfield code="9">24875</subfield>
  </datafield>
  <datafield tag="700" ind1=" " ind2=" ">
    <subfield code="a">Zijlstra, Jelle</subfield>
    <subfield code="c">(Head of the Motion department, Design Academy Eindhoven),</subfield>
    <subfield code="e">editor.</subfield>
    <subfield code="4">edt</subfield>
  </datafield>
  <datafield tag="710" ind1=" " ind2=" ">
    <subfield code="a">Technische Universiteit Delft.</subfield>
    <subfield code="b">Faculteit van het Industrieel Ontwerpen,</subfield>
    <subfield code="e">author.</subfield>
  </datafield>
  <datafield tag="942" ind1=" " ind2=" ">
    <subfield code="2">lcc</subfield>
  </datafield>
  <datafield tag="949" ind1=" " ind2=" ">
    <subfield code="a">TS 171 D44 2020</subfield>
    <subfield code="h">UAHS-B</subfield>
    <subfield code="i">0162034059624</subfield>
    <subfield code="z">COUTTS_COP</subfield>
  </datafield>
  <datafield tag="952" ind1=" " ind2=" ">
    <subfield code="0">0</subfield>
    <subfield code="1">0</subfield>
    <subfield code="2">lcc</subfield>
    <subfield code="4">0</subfield>
    <subfield code="7">0</subfield>
    <subfield code="a">TBS</subfield>
    <subfield code="b">TBS</subfield>
    <subfield code="d">2025-03-27</subfield>
    <subfield code="l">1</subfield>
    <subfield code="o">TS171 DEL</subfield>
    <subfield code="p">B05932</subfield>
    <subfield code="r">2026-01-08</subfield>
    <subfield code="s">2025-11-24</subfield>
    <subfield code="t">1</subfield>
    <subfield code="w">2025-03-27</subfield>
    <subfield code="y">1</subfield>
  </datafield>
  <datafield tag="999" ind1=" " ind2=" ">
    <subfield code="c">4524</subfield>
    <subfield code="d">4524</subfield>
  </datafield>
</record>
